000 00438nam a2200181Ia 4500
001 18890
005 20260306171704.0
008 260306s9999||||xx |||||||||||||| ||und||
041 _aESP
082 _a658.562
_bA38
100 _aAldana de Vega, Luz Angela
_eAUT
245 0 _aAdministración por calidad
260 _c2014
300 _axvi, 341 páginas :
_c24 cm.
650 _aGEN
654 _aCAN
942 _cLIB
_dJUS
_fJUS
_2ddc
_n
999 _c18890
_d18890